|
|
|
|
| LEADER |
00000nas a2200000 a 4500 |
| 001 |
ssj0005632 |
| 003 |
WaSeSS |
| 005 |
20200512172242.0 |
| 006 |
m d |
| 007 |
cr n |
| 008 |
020228c19869999gaumr pss 0 a0eng c |
| 010 |
|
|
|a 2010236532
|
| 022 |
|
|
|y 0887-0292
|
| 035 |
|
|
|a (WaSeSS)ssj0005632
|
| 037 |
|
|
|b American Health Consultants, INC., 67 Peachtree Dr., N.E., Atlanta, GA 30309
|
| 040 |
|
|
|a TXU
|b eng
|c TXU
|d OCLCQ
|d FQM
|d UV0
|d NOC
|d OCLCQ
|d OCLCF
|d OCLCO
|d OCLCQ
|d OCLCO
|d OCLCQ
|d LIP
|d CNCGM
|d OCLCQ
|d TOF
|d WYU
|d OCLCO
|d OCLCA
|d DCHUA
|d OCLCO
|d OCLCA
|d UAB
|d AUD
|d WaSeSS
|
| 042 |
|
|
|a pcc
|
| 050 |
|
4 |
|a RC606.5
|b .A33
|
| 060 |
0 |
0 |
|a W1
|b AI696CH
|
| 082 |
1 |
4 |
|a 614
|2 11
|
| 130 |
0 |
|
|a AIDS alert (Online)
|
| 245 |
1 |
0 |
|a AIDS alert
|h [electronic resource].
|
| 246 |
3 |
0 |
|a Acquired immunodeficiency syndrome alert
|
| 260 |
|
|
|a [Atlanta, GA] :
|b [American Health Consultants],
|c [©1986]-
|
| 310 |
|
|
|a Monthly
|
| 362 |
0 |
|
|a Vol. 1, no. 1 (Jan. 1986)-
|
| 500 |
|
|
|a Title from title screen.
|
| 506 |
|
|
|a License restrictions may limit access.
|
| 538 |
|
|
|a Mode of access: World Wide Web.
|
| 588 |
|
|
|a Latest issue consulted: Vol. 24, no. 11 (Nov. 2009).
|
| 650 |
|
0 |
|a AIDS (Disease)
|v Periodicals.
|
| 650 |
|
2 |
|a Acquired Immunodeficiency Syndrome
|v periodicals.
|
| 650 |
|
7 |
|a AIDS (Disease)
|2 fast
|0 (OCoLC)fst00793808
|
| 655 |
|
0 |
|a Electronic journals.
|
| 710 |
2 |
|
|a American Health Consultants.
|
| 770 |
0 |
|
|t Common sense about AIDS
|w (DLC)sn 93038308
|w (OCoLC)28358764
|
| 776 |
0 |
8 |
|i Print version:
|t AIDS alert
|x 0887-0292
|w (OCoLC)13013286
|
| 856 |
4 |
0 |
|z Full text available from Research Library: 01/01/2008 to 12/31/2011
|u https://search.proquest.com/publication/31614
|